Dancing With The Stars Mirrorball Winners (DWTS) - Statistics

General Stats
  • This quiz has been taken 122 times
    60 since last reset
  • The average score is 53 of 68
Answer Stats
Season % Correct
11 Star Jennifer Grey
97%
20 Pro Valentin Chmerkovskiy
97%
23 Pro Valentin Chmerkovskiy
97%
32 Pro Valentin Chmerkovskiy
97%
19 Pro Witney Carson
97%
34 Pro Witney Carson
97%
30 Pro Daniella Karagach
95%
26 Pro Jenna Johnson
95%
33 Pro Jenna Johnson
95%
6 Pro Mark Ballas
95%
8 Pro Mark Ballas
95%
31 Pro Mark Ballas
95%
32 Star Xochitl Gomez
95%
31 Star Charli D'Amelio
92%
30 Star Iman Shumpert
92%
33 Star Joey Graziadei
92%
4 Pro Julianne Hough
92%
5 Pro Julianne Hough
92%
34 Star Robert Irwin
92%
7 Pro Derek Hough
89%
10 Pro Derek Hough
89%
11 Pro Derek Hough
89%
16 Pro Derek Hough
89%
17 Pro Derek Hough
89%
21 Pro Derek Hough
89%
24 Pro Emma Slater
89%
28 Pro Alan Bersten
86%
19 Star Alfonso Ribeiro
84%
21 Star Bindi Irwin
84%
2 Pro Cheryl Burke
81%
3 Pro Cheryl Burke
81%
25 Star Jordan Fisher
81%
18 Pro Maksim Chmerkovskiy
81%
25 Pro Lindsay Arnold
78%
20 Star Rumer Willis
76%
17 Star Amber Riley
73%
29 Pro Artem Chigvintsev
73%
9 Pro Kym Johnson
73%
12 Pro Kym Johnson
73%
23 Star Laurie Hernandez
73%
14 Pro Peta Murgatroyd
73%
22 Pro Peta Murgatroyd
73%
27 Pro Sharna Burgess
73%
4 Star Apolo Ohno
70%
27 Star Bobby Bones
70%
29 Star Kaitlyn Bristowe
70%
24 Star Rashad Jennings
70%
26 Star Adam Rippon
68%
1 Pro Alec Mazo
68%
18 Star Meryl Davis
68%
28 Star Hannah Brown
65%
1 Star Kelly Monaco
65%
8 Star Shawn Johnson
65%
15 Pro Tony Dovolani
65%
3 Star Emmitt Smith
62%
16 Star Kellie Pickler
62%
6 Star Kristi Yamaguchi
62%
5 Star Helio Castroneves
59%
13 Pro Karina Smirnoff
59%
15 Star Melissa Rycroft
59%
14 Star Donald Driver
57%
22 Star Nyle DiMarco
57%
7 Star Brooke Burke
54%
10 Star Nicole Scherzinger
54%
9 Star Donny Osmond
51%
2 Star Drew Lachey
51%
13 Star J.R. Martinez
51%
12 Star Hines Ward
46%
No matching quizzes found
Score Distribution
Percent of People with Each Score
Percentile by Number Answered
Your Score History
You have not taken this quiz since the last reset